| 000 | 00613nam a2200205 a 4500 | ||
|---|---|---|---|
| 005 | 20240806063750.0 | ||
| 008 | 060502s1999 mx r 000 0 spa d | ||
| 020 | _a9706512217 | ||
| 035 | _aUPN01000144107 | ||
| 049 | _aCG | ||
| 050 | 4 |
_aPS2612 _bP6.3 |
|
| 100 | 1 |
_aPoe, Edgar Allan, _d1809-1849 _929415 |
|
| 245 | 1 | 3 |
_aEl gato negro y otros cuentos / _cEdgar Allan Poe ; selec., tr. y pról. de Elvio E. Gandolfo. |
| 260 |
_aMéxico : _bLosada, _c1999. |
||
| 300 | _a118 p. | ||
| 440 | 0 | _aIntemporales | |
| 650 | 4 |
_aCuentos estadounidenses _912811 |
|
| 700 | 1 |
_aGandolfo, Elvio E., _ecomp. |
|
| 905 | _aLibro | ||
| 999 |
_c116254 _d116254 |
||